| 000 | 01955nam a2200265 a 4500 | ||
|---|---|---|---|
| 008 | 120416s1977 ||||||||||||||||| || u | ||
| 050 | _aHF 5695 Let | ||
| 100 | _aLetchford, S | ||
| 245 | 1 | 0 | _aBusiness mathematics and statistics |
| 260 |
_aLondon _bCassel _c1977 |
||
| 300 | _ax, 544p. : ill. | ||
| 350 | _a0.00 | ||
| 650 | 0 | _aBUSINESS | |
| 650 | 0 | _aBUSINESS MATHEMATICS | |
| 995 |
_aBINDERY (DAMAGED) _D0.00 _e701842 _FCBU-MAIN LIBRARY (Kitwe) _H3 _I0.00 _jHF 5695 Let _M2 _UDAMAGED _y020164 _ZMain Library Open Access Collection |
||
| 995 |
_aTEXTBOOKS (SB) _D0.00 _e01371 _FCBU-SCHOOL TEXTBOOK COLLECTIONS _H1 _I0.00 _jSCHOOL TEXTBOOK _M9 _UAVAILABLE _WSep 23, 2009 _y01371 _ZSchool Collections |
||
| 995 |
_aTEXTBOOKS (SB) _D0.00 _e01374 _FCBU-SCHOOL TEXTBOOK COLLECTIONS _H1 _I0.00 _jSCHOOL TEXTBOOK _M12 _UAVAILABLE _WSep 23, 2009 _y01374 _ZSchool Collections |
||
| 995 |
_aTEXTBOOKS (SB) _D0.00 _e01370 _FCBU-SCHOOL TEXTBOOK COLLECTIONS _H1 _I0.00 _jSCHOOL TEXTBOOK _M8 _UAVAILABLE _WSep 23, 2009 _y01370 _ZSchool Collections |
||
| 995 |
_aBINDERY (DAMAGED) _D0.00 _e701843 _FCBU-MAIN LIBRARY (Kitwe) _H1 _I0.00 _jHF 5695 Let _UDAMAGED _WJun 11, 2009 _y701843 _ZMain Library Open Access Collection |
||
| 995 |
_aTEXTBOOKS (SB) _D0.00 _e01373 _FCBU-SCHOOL TEXTBOOK COLLECTIONS _H1 _I0.00 _jSCHOOL TEXTBOOK _M11 _UAVAILABLE _WSep 23, 2009 _y01373 _ZSchool Collections |
||
| 995 |
_aMAIN LIBRARY OPEN ACCESS _D0.00 _e701841 _FCBU-MAIN LIBRARY (Kitwe) _H1 _I0.00 _jHF 5695 Let _UAVAILABLE _y701841 _ZMain Library Open Access Collection |
||
| 995 |
_aBINDERY (DAMAGED) _D0.00 _e701865 _FCBU-MAIN LIBRARY (Kitwe) _H1 _I0.00 _jHF 5695 Let _UDAMAGED _WJun 11, 2009 _y701865 _ZMain Library Open Access Collection |
||
| 995 |
_aBINDERY (DAMAGED) _D0.00 _e701840 _FCBU-MAIN LIBRARY (Kitwe) _H2 _I0.00 _jHF 5695 Let _M1 _UDAMAGED _y020112 _ZMain Library Open Access Collection |
||
| 995 |
_aTEXTBOOKS (SB) _D0.00 _e01372 _FCBU-SCHOOL TEXTBOOK COLLECTIONS _H1 _I0.00 _jSCHOOL TEXTBOOK _M10 _UAVAILABLE _WSep 23, 2009 _y01372 _ZSchool Collections |
||
| 999 |
_c77920 _d77920 |
||